Entry Nombre personal
001 - NÚMERO DE CONTROL
- campo de control: 160311
003 - IDENTIFICADOR DE NÚMERO DE CONTROL
- campo de control: OSt
005 - FECHA Y HORA DE LA ÚLTIMA TRANSACCIÓN
- campo de control: 20251009170757.0
008 - ELEMENTOS DE DATO DE LONGITUD-FIJA
- campo de control de longitud fija: 160803 b azzaaaaaa a aaa d
040 ## - FUENTE DE CATALOGACIÓN
- Centro catalogador/agencia de origen: OSt
- Centro/agencia transcriptor: OSt
100 1# - ENCABEZAMIENTO-NOMBRE DE PERSONA
- Nombre de persona: Desmonts, Antonio,
- Fechas asociadas al nombre: 1942-
400 1# - TRAZADO DE VÉASE--NOMBRE DE PERSONA
- Nombre de persona: Desmonts Gutiérrez, Antonio J.
400 1# - TRAZADO DE VÉASE--NOMBRE DE PERSONA
- Nombre de persona: Desmonts, Antonio
400 1# - TRAZADO DE VÉASE--NOMBRE DE PERSONA
- Nombre de persona: Desmonts, Antonio J.
